|
|
|
|
| LEADER |
00628nta a2200157 i 4500 |
| 001 |
dipl20163 |
| 005 |
20130314075908.0 |
| 008 |
111206s1981 hu om 0|| zxx d |
| 040 |
|
|
|a SZTE Diploma Repozitórium
|b hun
|
| 041 |
|
|
|a zxx
|
| 100 |
1 |
|
|a Juhász István
|
| 245 |
1 |
2 |
|a A kisvárosi tanácsok vb. szakigazgatási szerveinek struktúrájáról és továbbfejlesztésének lehetőségéről
|h [elektronikus dokumentum] /
|c István Juhász
|
| 260 |
|
|
|c 1981
|
| 650 |
|
4 |
|a Jogi és igazgatási tanulmányok
|
| 700 |
1 |
|
|a nincs megadva
|e ths
|
| 856 |
4 |
0 |
|u http://diploma.bibl.u-szeged.hu/id/eprint/20163/1/1981_juhasz_istvan.pdf
|z Dokumentum-elérés
|